BIBLIOTHÈQUE DE LA MAISON DU MEXIQUE

Logo 1 Logo 2

Grandeur et misères de l'office (notice nᵒ 11247)

détails MARC
000 -Sello discográfico
campo de control de longitud fija 01346nam a2200313 4500
005 - Identificación de versión
campo de control 20251016084625.0
010 ## - Número Estándar Internacional de Libros (ISBN)
Número (ISBN) 2-85944-338-X
035 ## - Otros números de control del sistema
Número de control del sistema 13016
099 ## - fechas locales
Tipo de ítem Koha LIBRO
100 ## - Datos de procesamiento general
Datos de procesamiento general 20040428d1999 m y1spay5003 ba
105 ## - Campo de datos codificados: Material textual, monográfico
Datos codificados de monografía y 001zy
200 1# - Título y mención de responsabilidad
Título propio Grandeur et misères de l'office
Designación general del material texto impreso
Otra información del título les officiers de finances de Nouvelle-Espagne : XVIIe-XVIIIe siècles
Primer mención de responsabilidad Michel Bertrand
210 ## - Publicación, distribución, etc.
Lugar de publicación, distribución, etc. Paris
Nombre del editor, distribuidor, etc. Publications de la Sorbonne
Fecha de publicación, distribución, etc. 1999
215 ## - Descripción física
Designación de material específico y extensión del ítem 458 p
Dimensiones 24 cm
345 ## - Nota de información de adquisición
Fuente de adquisición/dirección de la suscripción [OBSOLETO] Donación
410 #1 - Series
Título Histoire moderne
Número Internacional Normalizado para Publicaciones Seriadas 0761-523X
Número de volumen 38
606 ## - Término temático usado como materia
Elemento de entrada Finanzas públicas
Subdivisión geográfica México
Subdivisión temática Historia
Número Koha 2280
607 ## - Nombre geográfico utilizado como tema
Elemento de entrada España
Subdivisión temática Colonias
Subdivisión geográfica América
Subdivisión temática Administración
Número Koha 3212
607 ## - Nombre geográfico utilizado como tema
Elemento de entrada México
Subdivisión temática Condiciones económicas
Subdivisión cronológica Siglo XVIII
Número Koha 16045
700 ## - Nombre personal - Responsabilidad primaria
Elemento de entrada Bertrand
Parte del nombre distinta del elemento de entrada Michel
Fechas 1955-
Número Koha 11961
801 #0 - Fuente de origen
Agencia cm
856 4# - Localización electrónica y acceso
Identificador Uniforme de Recurso http://books.google.fr/books?id=l5pEgMiBpKQC&printsec=frontcover&dq=grandeur+et+misères+nouvelle+espagne&source=bl&ots=k2-0a_PUun&sig=OnlHOd0jX0RyCopt8E_NZViKT30&hl=fr&ei=HqJWTIecBs7V4wbR8fSmBQ&sa=X&oi=book_result&ct=result&resnum=1&ved=0CBUQ6AEwAA#
900 ## -
-- 1/7261
900 ## -
-- 7100419025\280404
942 ## - ELEMENTOS DE ENTRADA SECUNDARIOS (KOHA)
Tipo de ítem Koha Livre
996 ## -
-- MEX
-- 751145101
-- MMAG
-- 003583
-- 900 S713 V.1
-- 20191115LIV
Exemplaires
Estatus retirado Estado de daño Estado de pérdida Fecha de adquisición Biblioteca de origen Biblioteca actual Ubicación en estantería Código de barras Precio de reemplazo Signatura topográfica completa No para préstamo Tipo de ítem Koha Nota pública Nota no pública
      05/08/2025 Casa México Paris Casa México Paris   003583 05/08/2025 900 S713 V.1   Livre 20191115LIV 751145101